000 00349nam a2200133Ia 4500
008 240624s9999 xx 000 0 und d
041 _aeng
082 _a332.494 SAN
100 _aSANDBU MARTIN
245 _aEUROPE S ORPHAN THE FUTURE OF THE EURO A
260 _c2015
_aNew Jersey
_bPrinceton University Press
300 _a313 p.
365 _c
_b33
999 _c32629
_d32629